Baby Names: Girls (Last 100 years) Quiz Stats

 Plays Quiz Updated Mar 3, 2017

Challenge
Share
Tweet
Embed
Score 0/100 Timer 10:00
4 Plays Today
Rank Name % Correct
1.Mary
89.2%
64.Ann
86.1%
4.Elizabeth
85.1%
80.Sara
79.6%
3.Jennifer
78.1%
12.Sarah
77.2%
40.Catherine
74.4%
34.Anna
74%
42.Katherine
73.1%
10.Jessica
72.3%
28.Emily
72%
92.Jane
71.5%
24.Laura
70.1%
8.Susan
69.1%
48.Rachel
67.3%
19.Carol
65.4%
72.Emma
65.4%
53.Maria
65.3%
7.Margaret
65%
15.Lisa
62.6%
30.Rebecca
62.5%
2.Patricia
61.8%
86.Hannah
61.5%
55.Julie
61.2%
22.Michelle
61.1%
67.Lauren
60.8%
36.Amy
60.7%
23.Amanda
60.5%
61.Marie
60.2%
43.Christine
60%
60.Christina
59.9%
82.Julia
59.6%
5.Linda
58.7%
57.Joan
58.6%
Rank Name % Correct
51.Samantha
57.9%
71.Victoria
57.6%
6.Barbara
56.9%
74.Rose
56.2%
29.Stephanie
55.2%
21.Ashley
55%
25.Melissa
54.2%
14.Karen
53.8%
16.Helen
53.5%
44.Nicole
52.5%
13.Nancy
51.8%
69.Megan
51.5%
88.Grace
50.7%
52.Diane
50.5%
11.Betty
50.5%
59.Kelly
50.2%
26.Deborah
49.6%
93.Diana
48.7%
45.Janet
48.4%
66.Jean
48.1%
62.Alice
47.9%
20.Kimberly
47.1%
27.Ruth
47%
18.Donna
45.9%
50.Heather
45.6%
17.Sandra
45.3%
90.Danielle
44.8%
49.Frances
43.6%
37.Angela
43.6%
81.Theresa
43.3%
31.Sharon
42.7%
56.Martha
42.3%
75.Andrea
42.1%
9.Dorothy
41.6%
Rank Name % Correct
95.Kathy
41.4%
32.Kathleen
41.4%
47.Carolyn
41.3%
70.Kathryn
41%
91.Brittany
40.7%
46.Debra
39.5%
77.Teresa
38.9%
41.Pamela
38.6%
39.Brenda
38.3%
83.Judy
38.1%
73.Jacqueline
37.3%
78.Janice
35.7%
89.Amber
35.6%
65.Judith
35.4%
33.Cynthia
35%
58.Evelyn
34.8%
97.Tiffany
33.4%
85.Denise
33%
94.Lori
32.5%
68.Cheryl
31.3%
87.Marilyn
30.7%
63.Doris
29.9%
38.Virginia
29.7%
100.Lois
29%
96.Tammy
28.1%
35.Shirley
27.8%
76.Gloria
27.7%
54.Joyce
27.4%
98.Crystal
26%
79.Mildred
24.2%
99.Phyllis
23.2%
84.Beverly
23%

You're not logged in!

Compare scores with friends on all Sporcle quizzes.
Join for Free
OR
Log In

You Might Also Like...

Show Comments

Extras

Top Quizzes Today


Score Distribution

Your Account Isn't Verified!

In order to create a playlist on Sporcle, you need to verify the email address you used during registration. Go to your Sporcle Settings to finish the process.

Report this User

Report this user for behavior that violates our Community Guidelines.

Details: